Paris SG scorers in Ligue 1 2014-2015 - Statistics

General Stats
  • This quiz has been taken 245 times
    206 since last reset
  • The average score is 12 of 16
Answer Stats
Player Goals % Correct
Edinson Cavani 18
99%
Zlatan Ibrahimovic 19
98%
Thiago Silva 1
91%
Ezequiel Lavezzi 8
88%
Blaise Matuidi 4
82%
Javier Pastore 5
82%
Lucas 7
82%
Maxwell 3
80%
Marco Verratti 2
79%
Marquinhos 2
78%
David Luiz 2
72%
Grégory Van der Wiel 1
68%
Adrien Rabiot 4
64%
Yohan Cabaye 1
48%
Jean Bahebeck 2
36%
Zoumana Camara 1
21%
No matching quizzes found
Score Distribution
Percent of People with Each Score
Percentile by Number Answered
Your Score History
You have not taken this quiz since the last reset